书目信息 |
| 题名: |
夏徛荣英语高频词汇掌中宝
|
|
| 作者: | 夏徛荣 主编 | |
| 分册: | ||
| 出版信息: | 北京 新华出版社 2008.05 |
|
| 页数: | 298页 | |
| 开本: | 19cm | |
| 丛书名: | 金榜考研英语系列 | |
| 单 册: | ||
| 中图分类: | H313.1 | |
| 科图分类: | ||
| 主题词: | 词汇 , 英语--词汇--研究生--入学考试--升学参考资料 , 英语 | |
| 电子资源: | ||
| ISBN: | 978-7-5011-7848-3 | |
| 000 | 01022nam0 2200301 450 | |
| 001 | 070730000915 | |
| 005 | 20111229120315.84 | |
| 010 | @a978-7-5011-7848-3@dCNY16.00 | |
| 035 | @a003417750 | |
| 100 | @a20070104d2008 em y0chiy0110 ea | |
| 101 | 0 | @achi@aeng |
| 102 | @aCN@b110000 | |
| 105 | @ay z 000yy | |
| 200 | 1 | @a夏徛荣英语高频词汇掌中宝@Axia ji rong ying yu gao pin ci hui zhang zhong bao@f主编夏徛荣@Fzhu bian xia ji rong |
| 205 | @a第2版 | |
| 210 | @a北京@c新华出版社@d2008.05 | |
| 215 | @a298页@d19cm | |
| 225 | 1 | @a金榜考研英语系列 |
| 300 | @a全国硕士研究生入学考试 | |
| 312 | @a版权页题名:夏徛荣英语高频词汇掌中宝 | |
| 330 | @a本书分为四部分,包括:大纲关键核心词汇、考试中常用的词根与词缀总结、考试中常用的核心短语与搭配总结、考研阅读理解中常见的核心文化词汇。 | |
| 606 | 0 | @a词汇 |
| 606 | 0 | @a英语@x词汇@x研究生@x入学考试@j升学参考资料 |
| 606 | 0 | @a英语 |
| 690 | @aH313.1@v4 | |
| 701 | 0 | @a夏徛荣@Axia ji rong@c(英语)@4主编 |
| 801 | 0 | @aCN@c20111229 |
| 905 | @dH313.1@eX1892=2@f3 | |
| 夏徛荣英语高频词汇掌中宝/主编夏徛荣.-第2版.-北京:新华出版社,2008.05 |
| 298页;19cm.-(金榜考研英语系列) |
| 全国硕士研究生入学考试 |
| ISBN 978-7-5011-7848-3:CNY16.00 |
| 本书分为四部分,包括:大纲关键核心词汇、考试中常用的词根与词缀总结、考试中常用的核心短语与搭配总结、考研阅读理解中常见的核心文化词汇。 |
| ● |
| 相关链接 |
|
|
|
正题名:夏徛荣英语高频词汇掌中宝
索取号:H313.1/X1892=2
 
预约/预借
| 序号 | 登录号 | 条形码 | 馆藏地/架位号 | 状态 | 备注 |
| 1 | 1068504 | 210685043 | 语言库209/209语言库 33排3列3层/ [索取号:H313.1/X1892=2] | 在馆 | |
| 2 | 1068505 | 210685052 | 语言库209/209语言库 33排3列3层/ [索取号:H313.1/X1892=2] | 在馆 | |
| 3 | 1068506 | 210685061 | 语言库209/209语言库 33排3列3层/ [索取号:H313.1/X1892=2] | 在馆 |